[Event "GER-chT U18 Girls"]
[Site "Karlsruhe"]
[Date "2015.05.09"]
[Round "4.2"]
[White "Ignatova, Nadja"]
[Black "Luebbert, Charline"]
[Result "1-0"]
[WhiteElo "1180"]
[BlackElo "1228"]
[PlyCount "71"]
[EventDate "2015.05.07"]
[EventType "team-swiss"]
[EventRounds "7"]
[EventCountry "GER"]
[SourceTitle "EXT 2017"]
[Source "ChessBase"]
[SourceDate "2016.10.25"]
[SourceVersion "1"]
[SourceVersionDate "2016.10.25"]
[SourceQuality "1"]
[WhiteTeam "Kant Gymn (W)"]
[BlackTeam "Gadebusch Gymn (W)"]
[WhiteTeamCountry "GER"]
[BlackTeamCountry "GER"]

1. e4 e5 2. Nf3 Nc6 3. Bc4 Nf6 4. d3 Bc5 5. Nc3 d6 6. Bg5 h6 7. Bh4 Bg4 8. Nd5 g5 9. Bg3 Nd4 10. Ne3 Nxf3+ 11. gxf3 Be6 12. Qd2 Qd7 13. 0-0-0 Nh5 14. Nd5 c6 15. Ne3 0-0-0 16. c3 Nxg3 17. hxg3 Bxe3 18. Qxe3 Bxc4 19. dxc4 Kb8 20. b3 f5 21. c5 f4 22. Qe2 Qe6 23. cxd6 Rxd6 24. Rxd6 Qxd6 25. Rd1 Qe7 26. Qd3 Kc7 27. Qc4 h5 28. Qa4 Kb8 29. Rh1 Qf6 30. Qc4 fxg3 31. fxg3 Qxf3 32. Rd1 Qxg3 33. Qf7 Qxc3+ 34. Kb1 Qc5 35. Qf6 Rf8 36. Rd8+ 1-0